Największe miasta w Indiach. - Statystyki

Ogólne statystyki
  • Ten quiz został rozwiązany 26 razy
  • Średni wynik to 6 z 10
Statystyki odpowiedzi
Ludność Miasto % Poprawnych
26,5 mln Delhi
100%
22,9 mln Mumbai
100%
15 mln Kolkata
88%
10,5 mln Bengaluru
60%
10,3 mln Ćennaj
60%
6 mln Pune
44%
7,6 mln Ahmadabad
36%
9,3 mln Hajdarabad
32%
3,6 mln Jaipur
32%
5,9 mln Surat
28%
Nie znaleziono quizów pasujących do podanych kryteriów
Rozkład punktacji
Procent ludzi z każdym wynikiem
Percentyl według liczby udzielonych odpowiedzi
Twoja historia wyników
Nie rozwiązałeś tego quizu